Unchristian : (Record no. 8256)
[ view plain ]
| 000 -LEADER | |
|---|---|
| fixed length control field | 01658cam a2200421 a 4500 |
| 001 - CONTROL NUMBER | |
| control field | 126261 |
| 003 - CONTROL NUMBER IDENTIFIER | |
| control field | GBCCL |
| 005 - DATE AND TIME OF LATEST TRANSACTION | |
| control field | 20241126110646.0 |
| 008 - FIXED-LENGTH DATA ELEMENTS--GENERAL INFORMATION | |
| fixed length control field | 070605s2007 miua b 000 0 eng |
| 010 ## - | |
| -- | 2007022852 |
| 015 ## - | |
| -- | GBA787077 |
| -- | bnb |
| 016 7# - | |
| -- | 014200675 |
| -- | Uk |
| 020 ## - INTERNATIONAL STANDARD BOOK NUMBER | |
| International Standard Book Number | 9780801013003 (cloth) |
| 020 ## - INTERNATIONAL STANDARD BOOK NUMBER | |
| International Standard Book Number | 0801013003 (cloth) |
| 020 ## - INTERNATIONAL STANDARD BOOK NUMBER | |
| International Standard Book Number | 9780801070662 (intl. pbk.) |
| 020 ## - INTERNATIONAL STANDARD BOOK NUMBER | |
| International Standard Book Number | 080107066X (intl. pbk.) |
| 035 ## - SYSTEM CONTROL NUMBER | |
| System control number | (OCoLC)ocn141483353 |
| 035 ## - SYSTEM CONTROL NUMBER | |
| System control number | (OCoLC)141483353 |
| 040 ## - CATALOGING SOURCE | |
| Original cataloging agency | DLC |
| Transcribing agency | DLC |
| Modifying agency | YDX |
| -- | BAKER |
| -- | LIQ |
| -- | YDXCP |
| -- | UKM |
| -- | BTCTA |
| -- | Q2Z |
| -- | LBB |
| 049 ## - | |
| -- | LBBK |
| -- | LBBT |
| -- | LBBA |
| 050 00 - | |
| -- | BV4529.2 |
| -- | .K545 2007 |
| 082 00 - DEWEY DECIMAL CLASSIFICATION NUMBER | |
| Classification number | 277.3083 |
| Edition information | 22 |
| Item number | KIN |
| 090 ## - LOCALLY ASSIGNED LC-TYPE CALL NUMBER (OCLC); LOCAL CALL NUMBER (RLIN) | |
| Classification number (OCLC) (R) ; Classification number, CALL (RLIN) (NR) | BV4529.2 |
| Local cutter number (OCLC) ; Book number/undivided call number, CALL (RLIN) | .K545 2007 |
| 100 1# - MAIN ENTRY--PERSONAL NAME | |
| Personal name | Kinnaman, David, |
| Dates associated with a name | 1973- |
| 9 (RLIN) | 14371 |
| 245 10 - TITLE STATEMENT | |
| Title | Unchristian : |
| Remainder of title | what a new generation really thinks about Christianity-- and why it matters / |
| Statement of responsibility, etc. | David Kinnaman and Gabe Lyons. |
| 260 ## - PUBLICATION, DISTRIBUTION, ETC. | |
| Place of publication, distribution, etc. | Grand Rapids, Mich. : |
| Name of publisher, distributor, etc. | Baker Books, |
| Date of publication, distribution, etc. | c2007. |
| 300 ## - PHYSICAL DESCRIPTION | |
| Extent | 255 p. : |
| Other physical details | ill. ; |
| Dimensions | 23 cm. |
| 504 ## - BIBLIOGRAPHY, ETC. NOTE | |
| Bibliography, etc. note | Includes bibliographical references (p. 252-255). |
| 505 0# - FORMATTED CONTENTS NOTE | |
| Formatted contents note | The backstory -- Discovering unChristian faith -- Hypocritical -- Get saved! -- Antihomosexual -- Sheltered -- Too political -- Judgmental -- From unChristian to Christian. |
| 650 #0 - SUBJECT ADDED ENTRY--TOPICAL TERM | |
| Topical term or geographic name entry element | Generation Y |
| General subdivision | Religious life. |
| 9 (RLIN) | 14372 |
| 650 #0 - SUBJECT ADDED ENTRY--TOPICAL TERM | |
| Topical term or geographic name entry element | Young adults |
| General subdivision | Religious life. |
| 9 (RLIN) | 11646 |
| 650 #0 - SUBJECT ADDED ENTRY--TOPICAL TERM | |
| Topical term or geographic name entry element | Youth |
| General subdivision | Religious life. |
| 9 (RLIN) | 460 |
| 650 #0 - SUBJECT ADDED ENTRY--TOPICAL TERM | |
| Topical term or geographic name entry element | Church work with young adults. |
| 9 (RLIN) | 2902 |
| 650 #0 - SUBJECT ADDED ENTRY--TOPICAL TERM | |
| Topical term or geographic name entry element | Church work with youth. |
| 9 (RLIN) | 5463 |
| 700 1# - ADDED ENTRY--PERSONAL NAME | |
| Personal name | Lyons, Gabe, |
| Dates associated with a name | 1975- |
| 9 (RLIN) | 14373 |
| 856 41 - ELECTRONIC LOCATION AND ACCESS | |
| Materials specified | Table of contents only |
| Uniform Resource Identifier | <a href="http://www.loc.gov/catdir/toc/ecip0720/2007022852.html">http://www.loc.gov/catdir/toc/ecip0720/2007022852.html</a> |
| 942 ## - ADDED ENTRY ELEMENTS (KOHA) | |
| Source of classification or shelving scheme | Dewey Decimal Classification |
| Koha item type | Books |
| Koha issues (borrowed), all copies | 13 |
| Withdrawn status | Lost status | Source of classification or shelving scheme | Damaged status | Not for loan | Home library | Current Library | Shelving location | Date acquired | Source of acquisition | Cost, normal purchase price | Total checkouts | Total renewals | Full call number | Barcode | Date last seen | Date last checked out | Copy number | Cost, replacement price | Price effective from | Koha item type |
|---|---|---|---|---|---|---|---|---|---|---|---|---|---|---|---|---|---|---|---|---|
| Dewey Decimal Classification | GRACE BIBLE COLLEGE | GRACE BIBLE COLLEGE | Church History | 2019-10-24 | 1 | 1019.00 | 3 | 1 | 277.3083 KIN | 013678 | 2025-05-01 | 2024-02-16 | c.1 | 1019.00 | 2019-10-24 | Books | ||||
| Dewey Decimal Classification | GRACE BIBLE COLLEGE | GRACE BIBLE COLLEGE | Church History | 2019-10-24 | 1 | 1019.00 | 4 | 277.3083 KIN | 013679 | 2025-05-01 | 2023-01-30 | c.2 | 1019.00 | 2019-10-24 | Books | |||||
| Dewey Decimal Classification | GRACE BIBLE COLLEGE | GRACE BIBLE COLLEGE | Church History | 2021-09-08 | 7 | 1 | 277.3083 KIN | 004827 | 2025-05-01 | 2024-12-05 | c.3 | 2021-09-08 | Books | |||||||
| Dewey Decimal Classification | GRACE BIBLE COLLEGE | GRACE BIBLE COLLEGE | Church History | 2025-05-09 | 277.3083 KIN | 017047 | 2025-05-09 | c.4 | 2025-05-09 | Books | ||||||||||
| Dewey Decimal Classification | GRACE BIBLE COLLEGE | GRACE BIBLE COLLEGE | Church History | 2025-05-09 | 2 | 277.3083 KIN | 017048 | 2025-09-29 | 2025-09-24 | c.5 | 2025-05-09 | Books |